00553nam a2200169 4500003001100000005001700011008004100028020001500069040003900084041000800123082001600131100002800147245010800175260004000283300002200323650003800345LK-CoMWRAF20231207121141.0231125b2002 |||||||| |||| 00| 0 eng d a9559151169 aLK-CoMWRAFdLK-CoMWRAFeLK-CoMWRAF aeng a348.04bHUS aHussain, M. S. Mohammed aHussain's complete digest of case law of Sri Lanka : 1820-2000, bVol-8 Constitution to Dalada Maligawa aKandy : bArafa (Pvt.) Ltd., c2002 avi, 754 p.; 26 cm a Law reports, digests, -Sri Lanka